[Event "Reykjavik op"]
[Site "Reykjavik"]
[Date "2024.03.18"]
[Round "6"]
[White "Nolsoe, Rani"]
[Black "Sigfusson, Ottar Orn Bergmann"]
[Result "1-0"]
[WhiteElo "1986"]
[BlackElo "1693"]
[PlyCount "65"]
[EventDate "2024.03.15"]
[EventType "swiss"]
[EventRounds "9"]
[EventCountry "ISL"]
[SourceTitle "CBM 219 Extra"]
[Source "ChessBase"]
[SourceDate "2024.05.31"]
[SourceVersion "1"]
[SourceVersionDate "2024.05.31"]
[SourceQuality "1"]

1. e4 e6 2. d4 d5 3. Nc3 Nf6 4. e5 Nfd7 5. f4 c5 6. Nf3 Nc6 7. Be3 Qb6 8. a3 c4 9. Rb1 a6 10. Qd2 Ne7 11. Be2 Nf5 12. Bf2 h5 13. 0-0 Qc7 14. g3 Nb8 15. h3 Nc6 16. Kg2 Nh6 17. Ng5 Nf5 18. Rh1 g6 19. g4 Ng7 20. Bf3 Bd7 21. Bxd5 exd5 22. Nxd5 Qa5 23. Qxa5 Nxa5 24. Nc7+ Ke7 25. Nxa8 Bc6+ 26. Nf3 Ne6 27. Be3 b5 28. Nb6 Be4 29. Rbc1 hxg4 30. hxg4 Rxh1 31. Rxh1 Nc7 32. Rh8 Bb7 33. Kf2 1-0

[Event "Reykjavik op"]
[Site "Reykjavik"]
[Date "2024.03.16"]
[Round "3"]
[White "Jaroszewicz, Dawid"]
[Black "Nolsoe, Rani"]
[Result "1-0"]
[WhiteElo "1757"]
[BlackElo "1986"]
[PlyCount "43"]
[EventDate "2024.03.15"]
[EventType "swiss"]
[EventRounds "9"]
[EventCountry "ISL"]
[SourceTitle "CBM 219 Extra"]
[Source "ChessBase"]
[SourceDate "2024.05.31"]
[SourceVersion "1"]
[SourceVersionDate "2024.05.31"]
[SourceQuality "1"]

1. Nf3 Nf6 2. c4 g6 3. d4 Bg7 4. Nc3 0-0 5. e4 d6 6. h3 e5 7. d5 a5 8. Bg5 Na6 9. Bd3 Nc5 10. Bc2 Bd7 11. Qd2 Qe8 12. g4 Qc8 13. 0-0-0 Rb8 14. Qe3 b5 15. Nxe5 Nfxe4 16. Nxe4 Bxe5 17. Nf6+ Kh8 18. f4 Bxb2+ 19. Kxb2 bxc4+ 20. Ka1 Qb7 21. Rb1 Qa7 22. Qc3 1-0

[Event "FAI-chT 2122"]
[Site "Faroe Islands"]
[Date "2022.01.23"]
[Round "6.2"]
[White "Gaard, Ingolf"]
[Black "Nolsoe, Rani"]
[Result "0-1"]
[WhiteElo "1912"]
[BlackElo "2055"]
[PlyCount "82"]
[EventDate "2021.10.03"]
[EventType "team-tourn"]
[EventRounds "10"]
[EventCountry "FAI"]
[SourceTitle "EXT 2023"]
[Source "ChessBase"]
[SourceDate "2022.10.05"]
[SourceVersion "1"]
[SourceVersionDate "2022.10.05"]
[SourceQuality "1"]
[WhiteTeam "Klaksvik II"]
[BlackTeam "Klaksvik"]
[WhiteTeamCountry "FAI"]
[BlackTeamCountry "FAI"]

1. d4 Nf6 2. c4 g6 3. Nc3 Bg7 4. e4 d6 5. Nf3 0-0 6. Be2 Na6 7. 0-0 e5 8. dxe5 dxe5 9. Bg5 Qe8 10. Nd5 Nxe4 11. Be7 c6 12. Bxf8 Qxf8 13. Ne3 Nac5 14. Qc2 f5 15. b4 Ne6 16. c5 Nd4 17. Qb2 Nxf3+ 18. Bxf3 Ng5 19. Be2 e4 20. Qb3+ Be6 21. Bc4 Bxa1 22. Bxe6+ Kh8 23. Rxa1 Qf6 24. Rd1 Nxe6 25. Nc4 Nf4 26. Rd6 Qa1+ 27. Rd1 Qg7 28. Nd6 Nd5 29. b5 Rf8 30. a4 Nc3 31. Re1 Ne2+ 32. Kf1 Nf4 33. Rd1 Nd3 34. Rxd3 exd3 35. Qxd3 Qa1+ 36. Ke2 Qe5+ 37. Kf3 cxb5 38. Qxb5 b6 39. Qd7 Qd5+ 40. Kg3 f4+ 41. Kh3 Qh5# 0-1

[Event "FAI-chT 2021"]
[Site "Faroe Islands"]
[Date "2021.03.13"]
[Round "10.2"]
[White "Nolsoe, Rani"]
[Black "Berg, Margar"]
[Result "1-0"]
[WhiteElo "2061"]
[BlackElo "1912"]
[PlyCount "63"]
[EventDate "2020.10.04"]
[EventType "team-tourn"]
[EventRounds "10"]
[EventCountry "FAI"]
[SourceTitle "EXT 2022"]
[Source "ChessBase"]
[SourceDate "2021.10.06"]
[SourceVersion "1"]
[SourceVersionDate "2021.10.06"]
[SourceQuality "1"]
[WhiteTeam "Klaksvik"]
[BlackTeam "Havnin II"]
[WhiteTeamCountry "FAI"]
[BlackTeamCountry "FAI"]

1. e4 c5 2. Nf3 d6 3. d4 cxd4 4. Nxd4 Nf6 5. Nc3 a6 6. Bg5 e6 7. f4 Be7 8. Qf3 Qc7 9. 0-0-0 b5 10. g4 Bb7 11. Bxf6 Bxf6 12. Bxb5+ Nd7 13. Bxd7+ Qxd7 14. g5 Be7 15. Rhe1 0-0 16. Qh5 f6 17. f5 fxg5 18. Nxe6 Rf6 19. Nxg5 h6 20. Ne6 Rxe6 21. fxe6 Qxe6 22. Nd5 Bg5+ 23. Kb1 Qe5 24. Rf1 Bxd5 25. Rxd5 Qxe4 26. Qf7+ Kh8 27. Rxd6 Re8 28. a3 Rb8 29. Re6 Qa8 30. Rfe1 Kh7 31. Qf5+ Kh8 32. Qg6 1-0

[Event "FAI-ch"]
[Site "Runavik"]
[Date "2020.10.31"]
[Round "6"]
[White "Nielsen, Hogni Egilstoft"]
[Black "Nolsoe, Rani"]
[Result "1/2-1/2"]
[WhiteElo "2396"]
[BlackElo "2061"]
[PlyCount "76"]
[EventDate "2020.10.23"]
[EventType "tourn"]
[EventRounds "7"]
[EventCountry "FAI"]
[SourceTitle "CBM 199 Extra"]
[Source "ChessBase"]
[SourceDate "2021.01.31"]
[SourceVersion "1"]
[SourceVersionDate "2021.01.31"]
[SourceQuality "1"]

1. e4 d6 2. Nc3 Nf6 3. f4 g6 4. Nf3 Bg7 5. d4 c5 6. dxc5 Qa5 7. Bd3 Qxc5 8. Qe2 Nc6 9. Be3 Qa5 10. 0-0 0-0 11. a3 Ng4 12. Bd2 Nd4 13. Qd1 Bd7 14. h3 Nxf3+ 15. Qxf3 Qb6+ 16. Kh1 Nf6 17. Be3 Qc7 18. Bd4 Bc6 19. Nd5 Qd8 20. Nxf6+ Bxf6 21. Bxf6 exf6 22. Qg3 Re8 23. Rae1 Qb6 24. f5 g5 25. Qxd6 Kg7 26. Qb4 Qc7 27. Bb5 Re5 28. Bxc6 Qxc6 29. Rf2 Rd8 30. Rfe2 Rb5 31. Qa4 Rxb2 32. Qxa7 Rxc2 33. Rxc2 Qxc2 34. Qxb7 Qf2 35. Ra1 g4 36. hxg4 Rd2 37. e5 Qh4+ 38. Kg1 Qf2+ 1/2-1/2

[Event "FAI-ch"]
[Site "Runavik"]
[Date "2020.10.24"]
[Round "2"]
[White "Nolsoe, Rani"]
[Black "Danielsen, Andrias"]
[Result "0-1"]
[WhiteElo "2061"]
[BlackElo "1886"]
[PlyCount "80"]
[EventDate "2020.10.23"]
[EventType "tourn"]
[EventRounds "7"]
[EventCountry "FAI"]
[SourceTitle "CBM 199 Extra"]
[Source "ChessBase"]
[SourceDate "2021.01.31"]
[SourceVersion "1"]
[SourceVersionDate "2021.01.31"]
[SourceQuality "1"]

1. e4 c5 2. Nf3 Nc6 3. d4 cxd4 4. Nxd4 Nf6 5. Nc3 e5 6. Ndb5 d6 7. Bg5 a6 8. Na3 b5 9. Bxf6 gxf6 10. Nd5 Bg7 11. Bd3 Ne7 12. c3 Nxd5 13. exd5 f5 14. Nc2 e4 15. Be2 f4 16. a4 0-0 17. axb5 Qg5 18. Qd2 Kh8 19. bxa6 Qxg2 20. 0-0-0 Be5 21. Bb5 Bxa6 22. Bxa6 Rxa6 23. Qe2 Ra4 24. Rhg1 Qh3 25. Qg4 Qh6 26. Qg5 Qxg5 27. Rxg5 Rg8 28. Rdg1 Rxg5 29. Rxg5 h6 30. Rg1 Ra5 31. c4 f5 32. b4 Ra4 33. Rg6 Kh7 34. Re6 e3 35. fxe3 f3 36. e4 f2 37. Ne3 Bf4 38. Re7+ Kg8 39. Kd1 Bxe3 40. Ke2 Ra2+ 0-1

[Event "FAI-chT 2021"]
[Site "Faroe Islands"]
[Date "2020.10.04"]
[Round "1.2"]
[White "Nolsoe, Rani"]
[Black "Baldursson, Rani"]
[Result "1-0"]
[WhiteElo "2061"]
[BlackElo "1990"]
[PlyCount "113"]
[EventDate "2020.10.04"]
[EventType "team-tourn"]
[EventRounds "10"]
[EventCountry "FAI"]
[SourceTitle "EXT 2022"]
[Source "ChessBase"]
[SourceDate "2021.10.06"]
[SourceVersion "1"]
[SourceVersionDate "2021.10.06"]
[SourceQuality "1"]
[WhiteTeam "Klaksvik"]
[BlackTeam "Klaksvik II"]
[WhiteTeamCountry "FAI"]
[BlackTeamCountry "FAI"]

1. e4 c5 2. Nf3 Nc6 3. d4 cxd4 4. Nxd4 g6 5. c4 Bg7 6. Nc2 Nf6 7. Nc3 d6 8. Be2 0-0 9. 0-0 Rb8 10. Be3 a6 11. Rc1 Qa5 12. a3 b5 13. b4 Qd8 14. cxb5 axb5 15. Nxb5 d5 16. Ncd4 Nxd4 17. Nxd4 dxe4 18. Nc6 Qxd1 19. Nxe7+ Kh8 20. Rfxd1 Be6 21. Bc4 Bg4 22. Rd2 Rb7 23. Nd5 Nd7 24. Nc3 Ne5 25. Nxe4 Nxc4 26. Rxc4 Be6 27. Rc1 Ra8 28. Nc5 Rc7 29. Rcd1 Rcc8 30. Nxe6 fxe6 31. Bg5 Rf8 32. Be7 Rg8 33. b5 Bf8 34. Bxf8 Rgxf8 35. Ra2 Rfb8 36. Rb1 Ra4 37. Kf1 Rb6 38. Ke2 Kg7 39. Kd3 Kf6 40. Kc3 e5 41. Rb4 Ra8 42. a4 Ra5 43. Kb3 Ke6 44. Rc4 Ra8 45. Kb4 Rab8 46. Rac2 Kf5 47. Rc6 R6b7 48. Rc7 Rb6 49. R2c6 Rxc6 50. Rxc6 Rd8 51. b6 Rd2 52. Rc3 Rd4+ 53. Rc4 Rd1 54. Kb5 Ke6 55. b7 Rd5+ 56. Kb6 Rd8 57. Rc8 1-0

[Event "FAI-chT 1920"]
[Site "Faroe Islands"]
[Date "2019.10.13"]
[Round "1.3"]
[White "Olsen, Sjurdur"]
[Black "Nolsoe, Rani"]
[Result "0-1"]
[WhiteElo "1691"]
[BlackElo "2057"]
[PlyCount "60"]
[EventDate "2019.10.13"]
[EventType "team-tourn"]
[EventRounds "10"]
[EventCountry "FAI"]
[SourceTitle "CBM 195 Extra"]
[Source "ChessBase"]
[SourceDate "2020.05.31"]
[SourceVersion "1"]
[SourceVersionDate "2020.05.31"]
[SourceQuality "1"]
[WhiteTeam "Vestmanna"]
[BlackTeam "Klaksvik"]
[WhiteTeamCountry "FAI"]
[BlackTeamCountry "FAI"]

1. d4 Nf6 2. c4 g6 3. Nc3 Bg7 4. Nf3 0-0 5. e3 d6 6. Bd2 Nbd7 7. Qc2 e5 8. d5 a5 9. e4 Nc5 10. Be3 b6 11. Bxc5 bxc5 12. g3 Nh5 13. Nh4 Bh6 14. Bg2 f5 15. exf5 gxf5 16. Bh3 Qg5 17. Nf3 Qg7 18. Nh4 e4 19. Qe2 Qg5 20. Ng2 Bd7 21. 0-0 Rae8 22. Rae1 Bg7 23. f4 Bd4+ 24. Kh1 Qh6 25. Nh4 Bf6 26. Bxf5 Nxg3+ 27. hxg3 Bxf5 28. Qh2 Bxc3 29. Nxf5 Qxh2+ 30. Kxh2 Bxe1 0-1

[Event "FAI-chT 1819"]
[Site "Faroe Islands"]
[Date "2019.02.10"]
[Round "6.2"]
[White "Baldursson, Rani"]
[Black "Nolsoe, Rani"]
[Result "1-0"]
[WhiteElo "1951"]
[BlackElo "2080"]
[PlyCount "55"]
[EventDate "2018.10.28"]
[EventType "team-tourn"]
[EventRounds "10"]
[EventCountry "FAI"]
[SourceTitle "CBM 189 Extra"]
[Source "ChessBase"]
[SourceDate "2019.05.31"]
[SourceVersion "1"]
[SourceVersionDate "2019.05.31"]
[SourceQuality "1"]
[WhiteTeam "Klaksvik II"]
[BlackTeam "Klaksvik"]
[WhiteTeamCountry "FAI"]
[BlackTeamCountry "FAI"]

1. Nf3 Nf6 2. g3 g6 3. Bg2 Bg7 4. d3 0-0 5. e4 d6 6. Nbd2 e5 7. 0-0 Nc6 8. Nc4 h6 9. a4 Be6 10. b3 d5 11. exd5 Nxd5 12. Bb2 f6 13. Re1 Bf7 14. d4 exd4 15. Nxd4 Nxd4 16. Qxd4 c6 17. Rad1 Qc7 18. Qc5 Rfd8 19. Rxd5 Bxd5 20. Re7 Qc8 21. Rxg7+ Kxg7 22. Qe7+ Bf7 23. Qxf6+ Kf8 24. Qh8+ Ke7 25. Bf6+ Ke6 26. Bh3+ Kd5 27. Bxd8 Qxh3 28. Qe5# 1-0

[Event "FAI-ch"]
[Site "Torshavn"]
[Date "2018.03.29"]
[Round "6"]
[White "Nolsoe, Rani"]
[Black "Thorsteinsson, Sjurdur"]
[Result "1-0"]
[WhiteElo "2075"]
[BlackElo "2191"]
[PlyCount "121"]
[EventDate "2018.03.24"]
[EventType "tourn"]
[EventRounds "7"]
[EventCountry "FAI"]
[SourceTitle "CBM 183 Extra"]
[Source "ChessBase"]
[SourceDate "2018.04.19"]
[SourceVersion "1"]
[SourceVersionDate "2018.04.19"]
[SourceQuality "1"]

1. d4 Nf6 2. Nf3 g6 3. Bf4 Bg7 4. h3 0-0 5. e3 d6 6. Be2 Nbd7 7. 0-0 b6 8. c4 Bb7 9. Nc3 Ne4 10. Nxe4 Bxe4 11. Bh2 c5 12. Qd2 Nf6 13. Rfd1 Qc7 14. Rac1 Qb7 15. Ne1 Bc6 16. d5 Bd7 17. Bd3 b5 18. b3 bxc4 19. bxc4 Qa6 20. Rb1 Ba4 21. Rdc1 Nd7 22. Nf3 Rab8 23. e4 Rb6 24. Qe2 Bh6 25. Rxb6 Nxb6 26. Rb1 f6 27. Ne1 Bd7 28. f4 Bg7 29. Nf3 Qa3 30. Bg3 Bc8 31. Qc2 Ba6 32. e5 dxe5 33. fxe5 fxe5 34. Rb3 Qa4 35. Nxe5 Bb7 36. Kh2 Qe8 37. Rb5 Qc8 38. Qe2 e6 39. d6 Rd8 40. Nf3 Re8 41. Ng5 e5 42. Qf2 Qd7 43. Qxc5 e4 44. Be2 h5 45. Qc7 Bc6 46. Ra5 Ra8 47. c5 h4 48. Bf4 Qf5 49. Be3 Rc8 50. Qe7 Re8 51. Qc7 Rc8 52. Qxa7 Nd5 53. Bc4 Ra8 54. Qb6 Rc8 55. Ra7 Kh8 56. Bxd5 Qxd5 57. Nf7+ Kg8 58. Qb3 Qh5 59. Ng5+ Kh8 60. Rxg7 Kxg7 61. Qf7+ 1-0

[Event "FAI-ch"]
[Site "Torshavn"]
[Date "2018.03.28"]
[Round "5"]
[White "Ziska, Helgi Dam"]
[Black "Nolsoe, Rani"]
[Result "1-0"]
[WhiteElo "2552"]
[BlackElo "2075"]
[PlyCount "37"]
[EventDate "2018.03.24"]
[EventType "tourn"]
[EventRounds "7"]
[EventCountry "FAI"]
[SourceTitle "CBM 183 Extra"]
[Source "ChessBase"]
[SourceDate "2018.04.19"]
[SourceVersion "1"]
[SourceVersionDate "2018.04.19"]
[SourceQuality "1"]

1. e4 d6 2. d4 Nf6 3. Nc3 e5 4. Nf3 Nbd7 5. Bc4 Be7 6. a4 a5 7. Ng5 d5 8. exd5 Nb6 9. dxe5 Nxc4 10. exf6 Bxf6 11. 0-0 0-0 12. Nxh7 Kxh7 13. Qd3+ g6 14. Qxc4 Bf5 15. Ne4 Bxe4 16. Qxe4 Re8 17. Qf3 Kg7 18. Ra3 Qd7 19. Bh6+ 1-0

[Event "FAI-chT 1617"]
[Site "Faroe Islands"]
[Date "2017.01.28"]
[Round "6.3"]
[White "Skaale, Janus"]
[Black "Nolsoe, Rani"]
[Result "0-1"]
[WhiteElo "1769"]
[BlackElo "2080"]
[PlyCount "116"]
[EventDate "2016.10.23"]
[EventType "team-tourn"]
[EventRounds "10"]
[EventCountry "FAI"]
[SourceTitle "EXT 2020"]
[Source "ChessBase"]
[SourceDate "2019.10.17"]
[SourceVersion "1"]
[SourceVersionDate "2019.10.17"]
[SourceQuality "1"]
[WhiteTeam "Klaksvik II"]
[BlackTeam "Klaksvik"]
[WhiteTeamCountry "FAI"]
[BlackTeamCountry "FAI"]

1. e4 d6 2. d4 Nf6 3. Nc3 Nbd7 4. Be3 e5 5. d5 Be7 6. f3 c6 7. Bc4 Qa5 8. Qd2 a6 9. Bb3 0-0 10. Nge2 c5 11. Nd1 Qxd2+ 12. Bxd2 b5 13. c4 Nb6 14. Ne3 g6 15. 0-0 Nfd7 16. Nc3 b4 17. Na4 Bg5 18. Bc1 a5 19. Nd1 Bf6 20. Bh6 Bg7 21. Bxg7 Kxg7 22. Ne3 f5 23. Rac1 f4 24. Ng4 Ba6 25. Nf2 Nxa4 26. Bxa4 Nb6 27. Bc6 Bxc4 28. Bxa8 Bxf1 29. Bc6 Ba6 30. b3 c4 31. Nh3 h6 32. Kf2 Rf7 33. Ke1 c3 34. Nf2 Nc8 35. Rc2 Na7 36. Ba4 Re7 37. Kd1 Bf1 38. Ng4 Bd3 39. Rc1 Bf1 40. g3 h5 41. Ke1 Bb5 42. Bxb5 Nxb5 43. Nf2 Nd4 44. gxf4 exf4 45. Nd3 g5 46. Kf2 Kf6 47. h3 c2 48. Ne1 Rc7 49. Kg2 g4 50. hxg4 hxg4 51. fxg4 Kg5 52. Kf2 Kxg4 53. Kg2 f3+ 54. Kf2 Kf4 55. Kf1 Kxe4 56. Kf2 Kf4 57. Kf1 Kg3 58. Kg1 Ne2+ 0-1

[Event "FAI-chT 1516"]
[Site "Faroe Islands"]
[Date "2016.01.10"]
[Round "5.1"]
[White "Nielsen, Rogvi Egilstoft"]
[Black "Nolsoe, Rani"]
[Result "1-0"]
[WhiteElo "2301"]
[BlackElo "2081"]
[PlyCount "87"]
[EventDate "2015.10.25"]
[EventType "team-tourn"]
[EventRounds "10"]
[EventCountry "FAI"]
[SourceTitle "EXT 2017"]
[Source "ChessBase"]
[SourceDate "2016.10.25"]
[SourceVersion "1"]
[SourceVersionDate "2016.10.25"]
[SourceQuality "1"]
[WhiteTeam "Sandavagur II"]
[BlackTeam "Klaksvik II"]
[WhiteTeamCountry "FAI"]
[BlackTeamCountry "FAI"]

1. e4 e5 2. Nf3 d6 3. Bc4 Be7 4. d3 Nf6 5. Nbd2 0-0 6. Bb3 Be6 7. Nf1 Bxb3 8. axb3 Re8 9. Ng3 g6 10. h4 h5 11. Bg5 Ng4 12. Qd2 Nc6 13. Bxe7 Qxe7 14. Ng5 Nd4 15. f3 Nh6 16. 0-0 Kg7 17. f4 exf4 18. Rxf4 f6 19. Nh3 Ng4 20. Raf1 Ne6 21. R4f3 Nd4 22. Rf4 Ne6 23. Rf5 Nd4 24. Rd5 c6 25. Rxh5 gxh5 26. Nxh5+ Kh7 27. Rf4 Rg8 28. Qd1 Qe6 29. c3 Rg6 30. Rxg4 Rxg4 31. Qxg4 Qxg4 32. Nxf6+ Kg7 33. Nxg4 Nxb3 34. Ne3 Nc5 35. Nf4 Kf6 36. g4 Ne6 37. g5+ Kf7 38. g6+ Ke7 39. Nh5 Nc5 40. Nf4 Kf6 41. Ng4+ Kg7 42. h5 Rf8 43. h6+ Kg8 44. Nh5 1-0

[Event "FAI-chT 1415"]
[Site "Faroe Islands"]
[Date "2015.01.24"]
[Round "7.1"]
[White "Nolsoe, Rani"]
[Black "Danielsen, Andrias"]
[Result "1-0"]
[WhiteElo "2062"]
[BlackElo "1868"]
[PlyCount "77"]
[EventDate "2014.10.26"]
[EventType "team-tourn"]
[EventRounds "10"]
[EventCountry "FAI"]
[SourceTitle "EXT 2019"]
[Source "ChessBase"]
[SourceDate "2018.10.10"]
[SourceVersion "1"]
[SourceVersionDate "2018.10.10"]
[SourceQuality "1"]
[WhiteTeam "Klaksvik II"]
[BlackTeam "Toftir"]
[WhiteTeamCountry "FAI"]
[BlackTeamCountry "FAI"]

1. e4 Nf6 2. e5 Nd5 3. d4 d6 4. c4 Nb6 5. f4 c5 6. d5 Qc7 7. Nc3 a6 8. Qe2 Bf5 9. g4 Bc8 10. exd6 Qxd6 11. Ne4 Qc7 12. Be3 N8d7 13. d6 Qc6 14. Bg2 Qa4 15. b3 Qb4+ 16. Kf2 Nf6 17. Nxf6+ gxf6 18. dxe7 Bxe7 19. Bd2 Bxg4 20. Bxb4 Bxe2 21. Ba5 Nxc4 22. bxc4 Bxc4 23. Bxb7 Rb8 24. Bc6+ Kf8 25. Bc3 Rg8 26. Nf3 Rg4 27. Bd2 Rb2 28. Rhb1 Rxb1 29. Rxb1 Bxa2 30. Rb8+ Kg7 31. h3 Bd6 32. Rd8 Rxf4 33. Rxd6 Rf5 34. Be4 Rh5 35. Bc3 Be6 36. h4 a5 37. Kg3 c4 38. Ng5 Kf8 39. Bxf6 1-0

[Event "FAI-chT 1415"]
[Site "Faroe Islands"]
[Date "2014.11.08"]
[Round "4.1"]
[White "Nolsoe, Rani"]
[Black "Simonsen, Hans Kristian"]
[Result "1-0"]
[WhiteElo "2062"]
[BlackElo "2157"]
[PlyCount "41"]
[EventDate "2014.10.26"]
[EventType "team-tourn"]
[EventRounds "10"]
[EventCountry "FAI"]
[SourceTitle "CBM 163 Extra"]
[Source "ChessBase"]
[SourceDate "2014.12.23"]
[SourceVersion "1"]
[SourceVersionDate "2014.12.23"]
[SourceQuality "1"]
[WhiteTeam "Klaksvik II"]
[BlackTeam "Rokur"]
[WhiteTeamCountry "FAI"]
[BlackTeamCountry "FAI"]

1. e4 e6 2. d4 d5 3. Nc3 Bb4 4. e5 c5 5. a3 Bxc3+ 6. bxc3 Ne7 7. h4 Qa5 8. Bd2 Qa4 9. Nf3 Nbc6 10. Bd3 cxd4 11. cxd4 Nxd4 12. Kf1 Nxf3 13. Qxf3 Nc6 14. Qg3 Bd7 15. Qxg7 0-0-0 16. Rb1 Rhg8 17. Qf6 Rxg2 18. Kxg2 Qg4+ 19. Kf1 Rg8 20. Bg5 h6 21. Qxf7 1-0